| Tag |
First Indicator |
Second Indicator |
Subfields |
| LEADER |
00000pam a2200000 a 4500 |
| 001 |
in00000079893 |
| 005 |
20151008055234.0 |
| 008 |
810121s1981 caub b 00110 engm |
| 010 |
|
|
|a 81000524
|
| 020 |
|
|
|a 0520042166
|
| 035 |
|
|
|a (OCoLC)07205251
|
| 035 |
|
|
|9 AAJ2923AM
|
| 039 |
0 |
|
|a 2
|b 3
|c 3
|d 3
|e 3
|
| 040 |
|
|
|a DLC
|c DLC
|d m.c.
|d TXA
|d UtOrBLW
|
| 043 |
|
|
|a f-ke---
|
| 049 |
|
|
|a TXAM
|c [951869]
|
| 050 |
0 |
0 |
|a DT433.545.G55
|b B7
|
| 082 |
0 |
|
|a 967.6/203
|2 19
|
| 100 |
1 |
|
|a Johnson, Cynthia,
|d 1969-
|
| 245 |
1 |
4 |
|a The Giriama and colonial resistance in Kenya, 1800-1920 /
|c Cynthia Brantley.
|
| 264 |
|
1 |
|a Berkeley :
|b University of California Press,
|c [1981]
|
| 264 |
|
4 |
|c ©1981
|
| 300 |
|
|
|a xiii, 196 pages :
|b maps ;
|c 24 cm.
|
| 336 |
|
|
|a text
|b txt
|2 rdacontent
|
| 337 |
|
|
|a unmediated
|b n
|2 rdamedia
|
| 338 |
|
|
|a volume
|b nc
|2 rdacarrier
|
| 500 |
|
|
|a Includes index.
|
| 504 |
|
|
|a Bibliography: pages 173-189.
|
| 650 |
|
0 |
|a Giryama (African people)
|x History.
|
| 651 |
|
0 |
|a Kenya
|x History
|y To 1963.
|
| 999 |
|
|
|a MARS
|
| 999 |
f |
f |
|s 78f8fa48-ca49-37b7-a406-a1f61cb811cb
|i 84c3752d-06a2-3163-b853-efce7c7efef3
|t 0
|
| 952 |
f |
f |
|p ric
|a Texas A&M University
|b Rellis Campus
|c Joint Library Facility
|d Remote Storage
|t 0
|e DT433.545.G55 B7
|h Library of Congress classification
|i unmediated -- volume
|m A14806103277
|
| 998 |
f |
f |
|a DT433.545.G55 B7
|t 0
|l Remote Storage
|